000 00780nam a2200217Ia 4500
003 GCL
005 20240530102915.0
008 140319s9999 xx 000 0 ara d
040 _aGCL /
_cGCL
082 0 4 _a301.22
_bع ت
100 1 _aعبدالعزيز الدورى
245 1 0 _aالتكوين التاريخى للامة العربية دراسة فى الهوية والوعى /
_cعبدالعزيز الدورى
260 _a[S.N] :
_bمركز دراسات الوحدة العربية ،
_c1984
300 _a336 ص
650 0 4 _aالعالم العربى
650 0 4 _aالثقافة العربية
650 0 4 _aالجمعيات الوطنية
650 0 4 _aالمجتمعات الاسلامية
650 0 4 _aالمجتمع العربى
942 _2ddc
_cBK
999 _c35291
_d35291